[Event "RUS-ch Blitz Men 2018"]
[Site "Sochi"]
[Date "2018.10.07"]
[Round "19"]
[White "Potapov, Pavel"]
[Black "Savitskiy, Sergey"]
[Result "1/2-1/2"]
[WhiteElo "2515"]
[BlackElo "2283"]
[Annotator "TA"]
[PlyCount "41"]
[EventDate "2018.10.07"]
[EventType "swiss"]
[EventCountry "RUS"]
[SourceTitle "playchess.com"]
[Source "ChessBase"]
[SourceQuality "1"]

1. e4 e5 2. Nf3 Nc6 3. Nc3 Nf6 4. d4 exd4 5. Nxd4 Bb4 6. Nxc6 bxc6 7. Bd3 O-O 8. O-O d5 9. exd5 cxd5 10. Bg5 c6 11. Qf3 Bd6 12. h3 h6 13. Bf4 Rb8 14. b3 Rb4 15. Bxd6 Qxd6 16. Rfe1 c5 17. Rad1 Bb7 18. Qf5 Rd8 19. Qe5 Qxe5 20. Rxe5 Kf8 21. Ree1 1/2-1/2

[Event "RUS-ch Blitz Men 2018"]
[Site "Sochi"]
[Date "2018.10.07"]
[Round "19"]
[White "Khanin, Semen"]
[Black "Sychev, Klementy"]
[Result "1-0"]
[WhiteElo "2510"]
[BlackElo "2534"]
[Annotator "TA"]
[PlyCount "115"]
[EventDate "2018.10.07"]
[EventType "swiss"]
[EventCountry "RUS"]
[SourceTitle "playchess.com"]
[Source "ChessBase"]
[SourceQuality "1"]

1. e4 c5 2. Nf3 d6 3. d4 cxd4 4. Nxd4 Nf6 5. Nc3 a6 6. f3 e5 7. Nb3 Be6 8. Be3 Be7 9. Qd2 O-O 10. O-O-O Nbd7 11. g4 b5 12. g5 b4 13. gxf6 bxc3 14. Qxc3 Nxf6 15. Na5 Qd7 16. Nc6 Rfc8 17. Nxe7+ Qxe7 18. Qa5 Rc6 19. Rg1 Qb7 20. Kb1 Rac8 21. b3 Nd7 22. Rg2 Bh3 23. Rgd2 Bxf1 24. Rxf1 Nf6 25. Rfd1 Ne8 26. Kb2 Qe7 27. c4 Qf6 28. Rf2 g6 29. Qc3 Qe6 30. f4 exf4 31. Rxf4 Ng7 32. Rdf1 Nh5 33. Rxf7 Qxf7 34. Rxf7 Kxf7 35. Bd4 Re8 36. e5 dxe5 37. Bxe5 Rce6 38. Bd4 Kg8 39. c5 Nf4 40. Qc4 Ne2 41. Be5 Kf8 42. Bd6+ Kg7 43. Qxa6 Nd4 44. Qc4 Re2+ 45. Ka3 Ra8+ 46. Kb4 Nc6+ 47. Kb5 Na7+ 48. Kb6 Ree8 49. Qd4+ Kg8 50. Qd5+ Kg7 51. Be5+ Kh6 52. c6 Nc8+ 53. Kb5 Na7+ 54. Kc4 Nxc6 55. Bf4+ Kg7 56. Qxc6 Rac8 57. Bc7 Re7 58. Be5+ 1-0

[Event "RUS-ch Blitz Men 2018"]
[Site "Sochi"]
[Date "2018.10.07"]
[Round "19"]
[White "Gabrielian, Artur"]
[Black "Matlakov, Maxim"]
[Result "0-1"]
[WhiteElo "2499"]
[BlackElo "2683"]
[Annotator "TA"]
[PlyCount "124"]
[EventDate "2018.10.07"]
[EventType "swiss"]
[EventCountry "RUS"]
[SourceTitle "playchess.com"]
[Source "ChessBase"]
[SourceQuality "1"]

1. e4 d6 2. d4 Nf6 3. Nc3 g6 4. f4 Bg7 5. Nf3 O-O 6. e5 dxe5 7. dxe5 Qxd1+ 8. Nxd1 Nd5 9. a3 Rd8 10. Nf2 Nc6 11. Bd3 f6 12. exf6 exf6 13. O-O f5 14. Re1 h6 15. g3 Kh7 16. Kg2 Bd7 17. h4 Nf6 18. Bd2 Nh5 19. Rab1 Be8 20. g4 fxg4 21. Nxg4 Bd7 22. Nge5 Nxe5 23. fxe5 Re8 24. Rbd1 Bg4 25. Be4 c6 26. Bc3 Rf8 27. Rd6 Kh8 28. Bd2 Rae8 29. Rxg6 Bf5 30. Bxf5 Rxf5 31. Rg4 Ref8 32. Rf1 Kh7 33. e6 R5f6 34. Re4 Re8 35. Rfe1 Rg6+ 36. Kf2 Nf6 37. R4e2 Ng4+ 38. Kf1 Rf8 39. e7 Re8 40. h5 Rd6 41. Bb4 Rd7 42. Kg2 b6 43. Bc3 Bxc3 44. bxc3 Nf6 45. Nd4 Nd5 46. Rf2 Rdxe7 47. Rxe7+ Rxe7 48. Nxc6 Rg7+ 49. Kf3 Nxc3 50. Rd2 Rf7+ 51. Ke3 Rc7 52. Nd4 Nd5+ 53. Ke4 Nf6+ 54. Ke5 Nxh5 55. Nf5 Ng7 56. Nd6 Re7+ 57. Kf6 Re3 58. c4 Rxa3 59. Nf7 Rf3+ 60. Ke7 a5 61. Rd8 Re3+ 62. Kf6 Re6# 0-1

[Event "RUS-ch Blitz Men 2018"]
[Site "Sochi"]
[Date "2018.10.07"]
[Round "19"]
[White "Fakhrutdinov, Timur"]
[Black "Balashov, Yuri S"]
[Result "0-1"]
[WhiteElo "2472"]
[BlackElo "2429"]
[Annotator "TA"]
[PlyCount "128"]
[EventDate "2018.10.07"]
[EventType "swiss"]
[EventCountry "RUS"]
[SourceTitle "playchess.com"]
[Source "ChessBase"]
[SourceQuality "1"]

1. e4 e5 2. Nf3 Nc6 3. Bc4 Nf6 4. Ng5 d5 5. exd5 Na5 6. Bb5+ c6 7. dxc6 bxc6 8. Bd3 Nd5 9. h4 Nf4 10. Bf1 f6 11. Ne4 f5 12. Ng3 Bd6 13. d3 O-O 14. Nc3 Nb7 15. Be3 Ne6 16. Bd2 Nd4 17. Nge2 Nc5 18. Nxd4 exd4 19. Ne2 Be5 20. f4 Bf6 21. g3 Qd5 22. Rg1 Re8 23. Bg2 Qd6 24. Kf2 Be6 25. Re1 a5 26. Ng1 Na4 27. b3 Nc3 28. Bxc3 dxc3 29. Nf3 Bd5 30. Rxe8+ Rxe8 31. d4 c5 32. Ne5 Bxg2 33. Kxg2 cxd4 34. Qf3 Bxe5 35. fxe5 Qxe5 36. Rf1 g6 37. Rf2 Qe4 38. h5 Kg7 39. hxg6 hxg6 40. g4 fxg4 41. Qxe4 Rxe4 42. Kg3 Kh6 43. Rf8 Re2 44. Rd8 Rxc2 45. Rxd4 Rxa2 46. Rc4 c2 47. Kxg4 Kg7 48. Kf3 Kf6 49. Rc5 Ke6 50. Ke3 Kf6 51. Kf3 g5 52. Rc6+ Ke5 53. Ke3 g4 54. Kd2 Kf4 55. Rf6+ Kg3 56. Rf8 Kg2 57. Rg8 g3 58. Rf8 Kg1 59. Rg8 g2 60. Kc1 a4 61. b4 a3 62. b5 Rb2 63. Rg3 Rxb5 64. Kxc2 Kf2 0-1

[Event "RUS-ch Blitz Men 2018"]
[Site "Sochi"]
[Date "2018.10.07"]
[Round "19"]
[White "Belyakov, Bogdan"]
[Black "Jary, Sergey"]
[Result "1/2-1/2"]
[WhiteElo "2458"]
[BlackElo "2286"]
[Annotator "RC"]
[PlyCount "54"]
[EventDate "2018.10.07"]
[EventType "swiss"]
[EventCountry "RUS"]
[SourceTitle "playchess.com"]
[Source "ChessBase"]
[SourceQuality "1"]

1. e4 e6 2. d4 d5 3. Nc3 Nf6 4. Bg5 dxe4 5. Nxe4 Nbd7 6. Bd3 Be7 7. Nxf6+ Nxf6 8. Nf3 c5 9. dxc5 Qa5+ 10. c3 Qxc5 11. Be3 Qc7 12. O-O O-O 13. Qc2 e5 14. Rfe1 Bg4 15. Ng5 h6 16. Ne4 Nd5 17. Ng3 Nxe3 18. Rxe3 Bg5 19. Ree1 Rfe8 20. Bf5 Bxf5 21. Nxf5 g6 22. Ng3 Bf6 23. Rad1 Rad8 24. Qa4 a6 25. Ne4 Bg7 26. h3 f5 27. Qb3+ Kh7 1/2-1/2

[Event "RUS-ch Blitz Men 2018"]
[Site "Sochi"]
[Date "2018.10.07"]
[Round "19"]
[White "Kozionov, Kirill"]
[Black "Triapishko, Alexandr"]
[Result "1-0"]
[WhiteElo "2458"]
[BlackElo "2508"]
[Annotator "ChessBase"]
[PlyCount "101"]
[EventDate "2018.10.07"]
[EventType "swiss"]
[EventCountry "RUS"]
[SourceTitle "playchess.com"]
[Source "ChessBase"]
[SourceQuality "1"]

1. d4 Nf6 2. c4 g6 3. Nc3 d5 4. cxd5 Nxd5 5. Bd2 Bg7 6. e4 Nb6 7. Be3 O-O 8. Bb5 Bd7 9. Be2 Nc6 10. d5 Na5 11. Bd4 e5 12. Bc5 Nac4 13. Bxf8 Qxf8 14. Bxc4 Nxc4 15. Qb3 Nd6 16. Nf3 f5 17. Ng5 Qe7 18. Ne6 fxe4 19. O-O Bh6 20. Rae1 Bd2 21. Re2 Bxc3 22. bxc3 Bb5 23. Rfe1 Bxe2 24. Rxe2 b6 25. c4 Rf8 26. Nxf8 Kxf8 27. h3 Kg7 28. Qc3 h5 29. a4 g5 30. c5 bxc5 31. Qxc5 Qf7 32. Qxa7 g4 33. hxg4 hxg4 34. Rc2 Qxd5 35. Rxc7+ Kf6 36. Rc1 Qd2 37. Qe3 Qd5 38. Qh6+ Kf5 39. Re1 Nc4 40. Qh5+ Kf6 41. Qxg4 Nd6 42. Qh4+ Ke6 43. Qh6+ Kf5 44. Qh5+ Ke6 45. Qe2 Qa5 46. Qa2+ Kf6 47. Rd1 Nf5 48. Qc2 e3 49. fxe3 Nxe3 50. Qf2+ Nf5 51. g4 1-0

[Event "RUS-ch Blitz Men 2018"]
[Site "Sochi"]
[Date "2018.10.07"]
[Round "19"]
[White "Drygalov, Sergey"]
[Black "Moiseenko, Vadim"]
[Result "1/2-1/2"]
[WhiteElo "2446"]
[BlackElo "2492"]
[Annotator "TA"]
[PlyCount "38"]
[EventDate "2018.10.07"]
[EventType "swiss"]
[EventCountry "RUS"]
[SourceTitle "playchess.com"]
[Source "ChessBase"]
[SourceQuality "1"]

1. d4 Nf6 2. Nf3 b6 3. g3 Bb7 4. Bg2 d5 5. O-O e6 6. Ne5 Nbd7 7. c4 c5 8. Bg5 cxd4 9. Nxd7 Qxd7 10. Bxf6 gxf6 11. Qxd4 Bg7 12. cxd5 O-O 13. Qd3 f5 14. Nc3 Bxc3 15. Qxc3 Bxd5 16. Rfd1 Rac8 17. Qd3 Rfd8 18. Bxd5 Qxd5 19. Qxd5 Rxd5 1/2-1/2

[Event "RUS-ch Blitz Men 2018"]
[Site "Sochi"]
[Date "2018.10.07"]
[Round "19"]
[White "Oganian, Miran"]
[Black "Stambulian, Arsen"]
[Result "0-1"]
[WhiteElo "2435"]
[BlackElo "2310"]
[Annotator "NA"]
[PlyCount "118"]
[EventDate "2018.10.07"]
[EventType "swiss"]
[EventCountry "RUS"]
[SourceTitle "playchess.com"]
[Source "ChessBase"]
[SourceQuality "1"]

1. d4 Nf6 2. c4 g6 3. Nc3 Bg7 4. e4 d6 5. Nf3 O-O 6. Be2 e5 7. Be3 Na6 8. O-O Qe7 9. dxe5 dxe5 10. a3 c6 11. b4 Ng4 12. Bg5 f6 13. Bd2 Be6 14. Qc1 g5 15. c5 Nc7 16. Ne1 Nh6 17. Nc2 Kh8 18. Ne3 Bg8 19. Nc4 Ne6 20. Nd6 Nd4 21. Qb2 Nf7 22. Nf5 Nxf5 23. exf5 e4 24. Rfe1 Qe5 25. Bf3 Qxf5 26. Bxe4 Qd7 27. Qc2 Nh6 28. Rad1 Qf7 29. Bd3 Rfe8 30. Ne4 Qb3 31. Nd6 Rxe1+ 32. Rxe1 Qxa3 33. Nxb7 Ng4 34. Na5 Ne5 35. Bf1 Qa2 36. Qxa2 Bxa2 37. Bc3 Bd5 38. Rd1 f5 39. Kh1 Ng4 40. Bxg7+ Kxg7 41. Kg1 Nf6 42. Ba6 Re8 43. Kf1 Re4 44. Rxd5 Nxd5 45. b5 cxb5 46. Bb7 Ra4 47. Nc6 Nf4 48. f3 Ra1+ 49. Kf2 Ra2+ 50. Ke3 Nxg2+ 51. Kd4 Nh4 52. Kd5 Nxf3 53. Nb4 Rd2+ 54. Ke6 Nd4+ 55. Ke7 a5 56. Nd5 a4 57. c6 Nxc6+ 58. Bxc6 a3 59. Nc7 Re2+ 0-1

[Event "RUS-ch Blitz Men 2018"]
[Site "Sochi"]
[Date "2018.10.07"]
[Round "19"]
[White "Sharafiev, Azat"]
[Black "Ofitserian, Boris"]
[Result "0-1"]
[WhiteElo "2432"]
[BlackElo "2274"]
[Annotator "TA"]
[PlyCount "56"]
[EventDate "2018.10.07"]
[EventType "swiss"]
[EventCountry "RUS"]
[SourceTitle "playchess.com"]
[Source "ChessBase"]
[SourceQuality "1"]

1. Nf3 Nf6 2. c4 c5 3. g3 d5 4. cxd5 Nxd5 5. Bg2 Nc6 6. Nc3 Nc7 7. d3 e5 8. Nd2 Be7 9. Bxc6+ bxc6 10. Qa4 Qd7 11. Nc4 f6 12. Be3 Nd5 13. Nxd5 cxd5 14. Qxd7+ Bxd7 15. Na5 Rb8 16. Nb3 c4 17. dxc4 dxc4 18. Nd2 Rxb2 19. Nxc4 Rc2 20. Nd2 Bb4 21. Rb1 a5 22. a3 Bxa3 23. O-O Bb4 24. Nb3 Kf7 25. Rfc1 Rhc8 26. Rxc2 Rxc2 27. Ra1 a4 28. Rc1 axb3 0-1

[Event "RUS-ch Blitz Men 2018"]
[Site "Sochi"]
[Date "2018.10.07"]
[Round "19"]
[White "Dzhumagaliev, Yan"]
[Black "Kozak, Alexander"]
[Result "1-0"]
[WhiteElo "2410"]
[BlackElo "2262"]
[Annotator "TA"]
[PlyCount "111"]
[EventDate "2018.10.07"]
[EventType "swiss"]
[EventCountry "RUS"]
[SourceTitle "playchess.com"]
[Source "ChessBase"]
[SourceQuality "1"]

1. h4 e5 2. h5 h6 3. c3 d5 4. d4 exd4 5. cxd4 Bd6 6. Nc3 c6 7. g3 Bf5 8. Bf4 Bxf4 9. gxf4 Qb6 10. Qd2 Nf6 11. Nf3 Ne4 12. Nxe4 Bxe4 13. Rh3 Nd7 14. Ne5 Nf6 15. a4 a5 16. Raa3 Bf5 17. Rhb3 Qc7 18. Re3 Ne4 19. Qd1 O-O 20. Bh3 Qc8 21. Bg2 Nd6 22. Rg3 Re8 23. e3 f6 24. Ng6 Nc4 25. Rb3 Rb8 26. Kf1 b5 27. axb5 Rxb5 28. Rxb5 cxb5 29. Bxd5+ Kh7 30. b3 Nd6 31. Qa1 Bd3+ 32. Kg1 Qf5 33. Bf3 Be4 34. Bg4 Qd5 35. Qxa5 Qxb3 36. Bf3 Qb1+ 37. Kh2 Bxf3 38. Rxf3 Qf5 39. Rh3 Ne4 40. Qa2 b4 41. Nh4 Qd7 42. Qb1 f5 43. Kg2 Qf7 44. Qxb4 Qxh5 45. f3 Nf6 46. Qc3 Nd5 47. Qc6 Nxe3+ 48. Kh2 Re7 49. d5 Nf1+ 50. Kg1 Nd2 51. d6 Re2 52. d7 Qf7 53. d8=Q Re1+ 54. Kf2 Rd1 55. Ke2 Qb3 56. Qg6# 1-0

[Event "RUS-ch Blitz Men 2018"]
[Site "Sochi"]
[Date "2018.10.07"]
[Round "19"]
[White "Sadovsky, Artem"]
[Black "Miroshnichenko, Pavel"]
[Result "1-0"]
[WhiteElo "2408"]
[BlackElo "2302"]
[Annotator "NA"]
[PlyCount "133"]
[EventDate "2018.10.07"]
[EventType "swiss"]
[EventCountry "RUS"]
[SourceTitle "playchess.com"]
[Source "ChessBase"]
[SourceQuality "1"]

1. c4 e5 2. g3 Nc6 3. Bg2 g6 4. Nc3 Bg7 5. e3 f5 6. Nge2 Nf6 7. d4 e4 8. h4 d5 9. cxd5 Nxd5 10. Nf4 Nxf4 11. gxf4 Qd6 12. f3 exf3 13. Bxf3 Bd7 14. Bd2 a6 15. h5 O-O-O 16. Qb3 g5 17. fxg5 Qg3+ 18. Ke2 Rhe8 19. Bxc6 Bxc6 20. Rag1 Qf3+ 21. Kd3 Be4+ 22. Nxe4 Rxd4+ 23. Kc3 Rdxe4+ 24. Kc2 R4e7 25. h6 Qe4+ 26. Qd3 Qc6+ 27. Kb1 Bh8 28. Qxf5+ Kb8 29. Qc2 Qb6 30. g6 hxg6 31. Rxg6 Qb5 32. a4 Qd5 33. Rc1 c6 34. Rg4 Re4 35. Rxe4 Rxe4 36. h7 Rh4 37. Qg6 Ka7 38. Bc3 Bxc3 39. Rxc3 Rh1+ 40. Rc1 Rxc1+ 41. Kxc1 Qc5+ 42. Kd2 Qb4+ 43. Kc1 Qe1+ 44. Kc2 Qe2+ 45. Kc3 Qxe3+ 46. Qd3 Qe1+ 47. Kb3 Qe6+ 48. Kc2 Qe5 49. a5 Qh2+ 50. Kb3 Qe5 51. Kc4 Qe6+ 52. Kc3 Qe8 53. Qd4+ c5 54. Qxc5+ Ka8 55. Qd4 Qc6+ 56. Kd3 Qg6+ 57. Qe4 Qg3+ 58. Kc4 Qc7+ 59. Kb3 Qf7+ 60. Kc2 Qg7 61. Qe8+ Ka7 62. h8=Q Qg2+ 63. Kb3 Qd5+ 64. Kc2 Qc5+ 65. Qc3 Qf2+ 66. Kd3 Qf3+ 67. Qe3+ 1-0

[Event "RUS-ch Blitz Men 2018"]
[Site "Sochi"]
[Date "2018.10.07"]
[Round "19"]
[White "Apryshko, Gleb"]
[Black "Maletin, Pavel"]
[Result "0-1"]
[WhiteElo "2399"]
[BlackElo "2586"]
[Annotator "TA"]
[PlyCount "46"]
[EventDate "2018.10.07"]
[EventType "swiss"]
[EventCountry "RUS"]
[SourceTitle "playchess.com"]
[Source "ChessBase"]
[SourceQuality "1"]

1. e4 c5 2. Nf3 d6 3. Bb5+ Nd7 4. d4 cxd4 5. Qxd4 a6 6. Bxd7+ Bxd7 7. Bg5 h6 8. Bh4 Rc8 9. O-O Qc7 10. e5 e6 11. Nbd2 d5 12. Rac1 b5 13. Qg4 g5 14. Bg3 Ne7 15. h4 Nf5 16. hxg5 hxg5 17. Bh2 Be7 18. Rfe1 Qb6 19. a3 a5 20. c3 Qd8 21. Nb3 Rc4 22. Nbd4 b4 23. cxb4 Nxd4 0-1

[Event "RUS-ch Blitz Men 2018"]
[Site "Sochi"]
[Date "2018.10.07"]
[Round "19"]
[White "Murzin, Volodar"]
[Black "Remizov, Yaroslav"]
[Result "1-0"]
[WhiteElo "2340"]
[BlackElo "2315"]
[Annotator "NA"]
[PlyCount "170"]
[EventDate "2018.10.07"]
[EventType "swiss"]
[EventCountry "RUS"]
[SourceTitle "playchess.com"]
[Source "ChessBase"]
[SourceQuality "1"]

1. e4 c5 2. Nf3 Nc6 3. Bb5 e6 4. O-O Nge7 5. Re1 a6 6. Bf1 d6 7. c3 Ng6 8. d4 Be7 9. dxc5 dxc5 10. Qxd8+ Bxd8 11. Nbd2 Bc7 12. a4 b6 13. Nc4 Bb7 14. Be3 O-O-O 15. a5 b5 16. Nb6+ Bxb6 17. axb6 c4 18. Nd4 Nxd4 19. Bxd4 e5 20. Be3 Rd6 21. g3 Rhd8 22. f3 Kb8 23. h4 Nf8 24. Be2 Nd7 25. Rad1 Rxd1 26. Rxd1 Kc8 27. Bf1 Bc6 28. Bh3 Kb7 29. h5 a5 30. h6 gxh6 31. Rd6 b4 32. cxb4 axb4 33. Kf2 c3 34. bxc3 b3 35. Rd1 Bb5 36. c4 Bxc4 37. Bxd7 b2 38. Rb1 Rxd7 39. Rxb2 Be6 40. Bxh6 f5 41. exf5 Bxf5 42. Rb5 Bd3 43. Rb4 Rd4 44. Rb2 Bg6 45. Be3 Ra4 46. Rd2 Rb4 47. Rd7+ Kc6 48. Rc7+ Kd5 49. b7 Rb2+ 50. Ke1 Rb1+ 51. Kd2 Rb2+ 52. Kc3 Rb1 53. Ba7 e4 54. fxe4+ Kxe4 55. b8=Q Rxb8 56. Bxb8 Kf3 57. Kd4 Kxg3 58. Rxh7+ Kg4 59. Rg7 Kf5 60. Ke3 Be8 61. Bf4 Kf6 62. Rg5 Bd7 63. Kd4 Bf5 64. Rg1 Be6 65. Be5+ Kf5 66. Rf1+ Kg4 67. Ke3 Bd5 68. Rf4+ Kg5 69. Bf6+ Kg6 70. Kd4 Be6 71. Ke5 Bc8 72. Rf1 Kf7 73. Rg1 Bh3 74. Rg7+ Kf8 75. Rh7 Bg4 76. Kf4 Be6 77. Kg5 Kg8 78. Rg7+ Kf8 79. Re7 Bf7 80. Ra7 Bd5 81. Be5 Ke8 82. Kf6 Kd8 83. Bd4 Kc8 84. Ke7 Bc6 85. Kd6 Be8 1-0

[Event "RUS-ch Blitz Men 2018"]
[Site "Sochi"]
[Date "2018.10.07"]
[Round "19"]
[White "Kozlov, Oleg"]
[Black "Sviridov, Valery"]
[Result "1/2-1/2"]
[WhiteElo "2287"]
[BlackElo "2551"]
[Annotator "ChessBase"]
[PlyCount "206"]
[EventDate "2018.10.07"]
[EventType "swiss"]
[EventCountry "RUS"]
[SourceTitle "playchess.com"]
[Source "ChessBase"]
[SourceQuality "1"]

1. Nf3 g6 2. c4 Bg7 3. e3 Nf6 4. b3 O-O 5. Bb2 d6 6. d4 Nbd7 7. d5 c6 8. dxc6 bxc6 9. Be2 a5 10. Nc3 Nc5 11. O-O Rb8 12. Nd4 Qc7 13. Bf3 Bd7 14. Rb1 e5 15. Nc2 Bf5 16. Ba3 Rfd8 17. Rc1 Nd3 18. e4 Nxc1 19. exf5 Nxb3 20. axb3 Rxb3 21. Nb1 d5 22. cxd5 cxd5 23. Ne3 a4 24. Nxd5 Nxd5 25. Bxd5 Rb5 26. Nc3 Qxc3 27. Bxf7+ Kxf7 28. Qxd8 Qxa3 29. Qd7+ Kg8 30. Qe8+ Qf8 31. Qxb5 gxf5 32. Qxa4 h5 33. Qd7 Qf6 34. Rd1 Kh7 35. g3 h4 36. Qe8 hxg3 37. hxg3 Qg6 38. Qxg6+ Kxg6 39. Rd7 e4 40. Kg2 Bf6 41. Kf1 Kg5 42. Rd5 Kg6 43. Ke2 Bg5 44. Rd6+ Kh5 45. Re6 Kg4 46. Rg6 Kh5 47. Rg8 Bh6 48. Kf1 Bg5 49. Kg2 Bh6 50. Kh3 Bg5 51. Kg2 Bh6 52. Kh3 Bg5 53. Kg2 Bh6 54. Kf1 Bg5 55. Kg2 Bh6 56. f4 exf3+ 57. Kxf3 Bg5 58. Rh8+ Kg6 59. Ra8 Kh5 60. Ra6 Bh6 61. Rf6 Kg5 62. Re6 Kh5 63. Re5 Kg6 64. Re6+ Kh5 65. Rd6 Bg5 66. Rc6 Bh6 67. Rc5 Kg6 68. Rc6+ Kh5 69. Re6 Bg5 70. Re8 Bh6 71. Rg8 Bg5 72. Kg2 Bh6 73. Kf3 Bg5 74. Rg7 Bh6 75. Rg8 Bg5 76. Ra8 Bh6 77. Ra1 Bg5 78. Ra2 Bh6 79. Rh2+ Kg6 80. Rh4 Bg5 81. Rc4 Kh5 82. Ra4 Bh6 83. Ke2 Bg5 84. Kd3 Be7 85. Rc4 Bd6 86. Rh4+ Kg5 87. Rh8 Bxg3 88. Ke2 Be5 89. Rg8+ Kf4 90. Ra8 Ke4 91. Ra5 Bd4 92. Ra8 Be5 93. Re8 Kf4 94. Kf2 Ke4 95. Kg2 Kf4 96. Ra8 Ke4 97. Ra4+ Bd4 98. Kg3 f4+ 99. Kg4 f3 100. Ra8 f2 101. Re8+ Kd3 102. Rf8 Ke2 103. Rxf2+ Bxf2 1/2-1/2

[Event "RUS-ch Blitz Men 2018"]
[Site "Sochi"]
[Date "2018.10.07"]
[Round "19"]
[White "Rjabzev, Konstantin"]
[Black "Lugovskoy, Maxim"]
[Result "0-1"]
[WhiteElo "2265"]
[BlackElo "2428"]
[Annotator "TA"]
[PlyCount "50"]
[EventDate "2018.10.07"]
[EventType "swiss"]
[EventCountry "RUS"]
[SourceTitle "playchess.com"]
[Source "ChessBase"]
[SourceQuality "1"]

1. e4 e6 2. d4 d5 3. Nd2 dxe4 4. Nxe4 Bd7 5. Nf3 Bc6 6. Bd3 Nd7 7. O-O Ngf6 8. Nxf6+ Qxf6 9. c3 h6 10. Re1 Bd6 11. Be4 Bxe4 12. Rxe4 O-O 13. Qe2 Rad8 14. g3 c5 15. Bf4 Bxf4 16. Rxf4 Qg6 17. Ne5 Nxe5 18. dxe5 Qd3 19. Qh5 Qc2 20. Re1 Qxb2 21. Rg4 Kh8 22. Rf4 Qxc3 23. Ree4 Qc2 24. Re3 Qd1+ 25. Qxd1 Rxd1+ 0-1

[Event "RUS-ch Blitz Men 2018"]
[Site "Sochi"]
[Date "2018.10.07"]
[Round "19"]
[White "Girshgorn, Leonid"]
[Black "Mikhailovsky, Vladimir"]
[Result "0-1"]
[WhiteElo "2242"]
[BlackElo "2411"]
[Annotator "TA"]
[PlyCount "98"]
[EventDate "2018.10.07"]
[EventType "swiss"]
[EventCountry "RUS"]
[SourceTitle "playchess.com"]
[Source "ChessBase"]
[SourceQuality "1"]

1. d4 Nc6 2. Nf3 d5 3. g3 Bf5 4. Bg2 e6 5. O-O Nb4 6. Na3 c5 7. c4 Nf6 8. cxd5 exd5 9. Bg5 Be7 10. dxc5 O-O 11. Nd4 Bg6 12. Bxf6 Bxf6 13. Qd2 Nc6 14. Ndb5 Qe7 15. Nd6 Bd4 16. Rad1 Rad8 17. b4 b6 18. e3 Be5 19. Qxd5 Nxb4 20. Qc4 bxc5 21. Ne4 Rc8 22. h4 Bf5 23. Nb5 Be6 24. Qc1 Nxa2 25. Qa3 Nb4 26. Qxa7 Qxa7 27. Nxa7 Ra8 28. Nb5 Bc4 29. Nxc5 Bxb5 30. Bxa8 Bxf1 31. Be4 Bc4 32. Rc1 Be6 33. Rb1 Nd5 34. Rb7 Nc3 35. Bc2 Bd5 36. Rd7 Ra8 37. f4 Bf6 38. e4 Bd4+ 39. Kh2 Bxc5 40. exd5 g6 41. Bb3 Ra3 42. Bc4 Ra4 43. Bf1 Rd4 44. Bg2 Rd2 45. Kh3 Ne2 46. Rc7 Bf2 47. g4 Nxf4+ 48. Kh2 Bxh4 49. Rc8+ Kg7 0-1

[Event "RUS-ch Blitz Men 2018"]
[Site "Sochi"]
[Date "2018.10.07"]
[Round "20"]
[White "Matlakov, Maxim"]
[Black "Gabrielian, Artur"]
[Result "0-1"]
[WhiteElo "2683"]
[BlackElo "2499"]
[Annotator "TA"]
[PlyCount "72"]
[EventDate "2018.10.07"]
[EventType "swiss"]
[EventCountry "RUS"]
[SourceTitle "playchess.com"]
[Source "ChessBase"]
[SourceQuality "1"]

1. d4 Nf6 2. Bf4 g6 3. Nc3 d5 4. e3 Bg7 5. h4 h5 6. Nf3 Bg4 7. Qd2 Bxf3 8. gxf3 Nbd7 9. O-O-O O-O 10. e4 e6 11. Bg5 Qc8 12. exd5 exd5 13. Bh3 c6 14. f4 Qc7 15. f5 Rae8 16. Rhg1 Kh7 17. Bf4 Qd8 18. f3 Rg8 19. Qd3 Nf8 20. Be5 Bh6+ 21. f4 Rxe5 22. dxe5 Bxf4+ 23. Kb1 Bxe5 24. fxg6+ fxg6 25. Rde1 Qd6 26. a3 N8d7 27. Rg5 Nc5 28. Qf3 Nce4 29. Nxe4 Nxe4 30. Rg2 Qf6 31. Qb3 Rg7 32. Ka2 Qxh4 33. Bc8 Qxe1 34. Qh3 Nd2 35. Rxd2 Qxd2 36. Bf5 Qg5 0-1

[Event "RUS-ch Blitz Men 2018"]
[Site "Sochi"]
[Date "2018.10.07"]
[Round "20"]
[White "Morozevich, Alexander"]
[Black "Artemiev, Vladislav"]
[Result "0-1"]
[WhiteElo "2656"]
[BlackElo "2706"]
[Annotator "TA"]
[PlyCount "112"]
[EventDate "2018.10.07"]
[EventType "swiss"]
[EventCountry "RUS"]
[SourceTitle "playchess.com"]
[Source "ChessBase"]
[SourceQuality "1"]

1. e4 c5 2. Nf3 d6 3. Bc4 Nf6 4. d3 Nc6 5. c3 a6 6. Bb3 Bg4 7. Nbd2 e6 8. h3 Bh5 9. Nf1 d5 10. Qe2 dxe4 11. dxe4 Ne5 12. Bc2 Qc7 13. g4 Nxf3+ 14. Qxf3 Bg6 15. Bf4 Qc6 16. Ng3 O-O-O 17. g5 Nd7 18. O-O-O h6 19. gxh6 gxh6 20. h4 h5 21. Rd2 Be7 22. Rhd1 Nb6 23. Rxd8+ Rxd8 24. Rxd8+ Bxd8 25. Bg5 Bxg5+ 26. hxg5 Qd6 27. b3 h4 28. Ne2 Nd7 29. Qe3 Qh2 30. Kb2 Qg2 31. b4 h3 32. Nf4 Qxg5 33. Nxh3 Qxe3 34. fxe3 Kc7 35. Nf4 Kd6 36. Kb3 Ne5 37. a4 Ng4 38. Ng2 Nf2 39. e5+ Kxe5 40. Bxg6 fxg6 41. bxc5 g5 42. Kc4 Ne4 43. Ne1 g4 44. Nd3+ Kf5 45. Kd4 g3 46. Ne1 e5+ 47. Kc4 Ke6 48. c6 bxc6 49. Kb4 Kd6 50. c4 Nc5 51. Ka5 Kc7 52. Ng2 e4 53. Nf4 Nd3 54. Ne2 g2 55. Kxa6 Nb2 56. c5 Nxa4 0-1

[Event "RUS-ch Blitz Men 2018"]
[Site "Sochi"]
[Date "2018.10.07"]
[Round "20"]
[White "Paravyan, David"]
[Black "Rakhmanov, Aleksandr"]
[Result "1-0"]
[WhiteElo "2629"]
[BlackElo "2634"]
[Annotator "TA"]
[PlyCount "155"]
[EventDate "2018.10.07"]
[EventType "swiss"]
[EventCountry "RUS"]
[SourceTitle "playchess.com"]
[Source "ChessBase"]
[SourceQuality "1"]

1. e4 d5 2. exd5 Qxd5 3. Nc3 Qd6 4. d4 g6 5. Nf3 Bg7 6. h3 Nf6 7. Bc4 O-O 8. O-O a6 9. a4 c5 10. Be3 cxd4 11. Nxd4 Nc6 12. Re1 Bd7 13. Nb3 Qc7 14. a5 Rae8 15. Bb6 Qc8 16. Nc5 Nb8 17. Nd5 Nxd5 18. Bxd5 Bc6 19. c3 e6 20. Bxc6 Nxc6 21. Nd7 Rd8 22. Bxd8 Rxd8 23. Nb6 Rxd1 24. Nxc8 Rd2 25. Rab1 Rd8 26. Nb6 Nxa5 27. Rbd1 Rb8 28. Rd7 Nc6 29. Red1 Bf6 30. Rc7 Bd8 31. Rc8 Rxc8 32. Nxc8 Kf8 33. Na7 Ke7 34. Nxc6+ bxc6 35. Kf1 a5 36. Ke2 Bb6 37. f3 h5 38. Kd3 h4 39. Kc4 g5 40. b4 axb4 41. cxb4 f5 42. Ra1 Be3 43. Ra6 Kd7 44. Ra8 Bf4 45. Rg8 Kd6 46. Rd8+ Kc7 47. Rd1 Bd6 48. Re1 Kd7 49. Ra1 Bf4 50. Kd4 Kd6 51. Ra8 Be5+ 52. Kc4 Bf4 53. Rd8+ Kc7 54. Rd3 Bd6 55. Rd1 Bf4 56. Kb3 Bd6 57. Ka4 Bf4 58. Ka5 Bd6 59. Rc1 Kd7 60. Rc4 Be7 61. Kb6 e5 62. Rxc6 Bxb4 63. Rf6 f4 64. Rf5 Ke6 65. Rxg5 Kd5 66. Kc7 Be1 67. Kd7 Bg3 68. Ke7 Kd4 69. Kf6 e4 70. fxe4 Kxe4 71. Ra5 f3 72. Ra4+ Ke3 73. Ra3+ Kf2 74. gxf3 Kg2 75. f4 Kxh3 76. Kg5 Kg2 77. Kg4 Bf2 78. Rh3 1-0

[Event "RUS-ch Blitz Men 2018"]
[Site "Sochi"]
[Date "2018.10.07"]
[Round "20"]
[White "Grachev, Boris"]
[Black "Rozum, Ivan"]
[Result "0-1"]
[WhiteElo "2626"]
[BlackElo "2573"]
[Annotator "ChessBase"]
[PlyCount "116"]
[EventDate "2018.10.07"]
[EventType "swiss"]
[EventCountry "RUS"]
[SourceTitle "playchess.com"]
[Source "ChessBase"]
[SourceQuality "1"]

1. d4 Nf6 2. Bf4 b6 3. e3 Bb7 4. h3 g6 5. Nf3 Bg7 6. a4 a6 7. Bd3 O-O 8. O-O d6 9. Nbd2 Nbd7 10. Bh2 Qe8 11. c3 e5 12. Be2 Qe7 13. Nc4 Nd5 14. Nfd2 f5 15. dxe5 dxe5 16. e4 N5f6 17. exf5 gxf5 18. Ne3 Ne8 19. Bc4+ Kh8 20. Qh5 Nd6 21. Bd5 Nf6 22. Qf3 e4 23. Bxd6 Qxd6 24. Qxf5 Nxd5 25. Qg5 Nxe3 26. Qxe3 Bh6 27. Nxe4 Bxe3 28. Nxd6 Bxf2+ 29. Rxf2 Rxf2 30. Kxf2 cxd6 31. Rd1 Rf8+ 32. Kg1 Rf6 33. Rd4 Kg7 34. Rb4 d5 35. Rg4+ Kf7 36. Rd4 Bc6 37. Rb4 b5 38. axb5 axb5 39. Rh4 h6 40. Rd4 Ke6 41. Rh4 Ke5 42. Rd4 Rf4 43. Rd2 d4 44. cxd4+ Rxd4 45. Rc2 Rc4 46. Rd2 b4 47. Kh2 Be4 48. Rd8 Rc2 49. Re8+ Kf4 50. Rf8+ Ke3 51. Kg3 Rxg2+ 52. Kh4 Rxb2 53. Kh5 b3 54. Rb8 Bd5 55. h4 Rh2 56. Re8+ Kd4 57. Rb8 Kc3 58. Rc8+ Bc4 0-1